000 00397nam a22001697a 4500
003 MPLRDC
005 20220104124124.0
008 210129b ||||| |||| 00| 0 eng d
020 _a983-99577-1-6
082 _a868.71 ZG-2
100 _a甄供
245 _a蒜苔赋
_c
260 _a
_b长青书屋有限公司
_c1989
300 _b
650 _a马华文学
942 _cBK
_o868.71 ZG-2
999 _c16812
_d16802